000
00314nam a2200145Ia 4500
100
_a
Jutz/H & Scharkus/E
650
_a
Chemistry
942
_c
BK
654
_a
Tables
245
_a
Westermann Tables
260
_b
WILEY EASTERN LIMITED
_a
NewDelhi
_c
1976
082
_a
620.1
300
_a
154
546
_a
ENGLISH
999
_c
23449
_d
23449